4-Letter 'T' Words with Double Letters Quiz Stats

 Plays Quiz Updated Aug 1, 2020

Support Sporcle.
Go Orange.
Score 0/29 Timer 04:00
1 Play Today
% Correct
tall
89.2%
till
84.6%
tool
84.4%
tell
83.3%
toon
82.9%
teen
82%
toot
81.4%
teem
80.5%
tees
77.5%
toll
76.4%
teel
75%
toom
73.8%
tass
71.6%
teed
71.3%
took
70.2%
% Correct
toss
63.1%
tiff
55.1%
tree
53.9%
tuff
47.2%
thee
47.1%
teff
46%
tegg
43.2%
toff
41.4%
torr
35.9%
turr
28.8%
twee
27.7%
tizz
25.3%
tyee
13.3%
typp
7.8%

You're not logged in!

Compare scores with friends on all Sporcle quizzes.
OR
Log In

From the Vault

Who Am I? Famous People IX

by DIEGO1000

Spoilers: no Jean Valjean included in this quiz.
Remove Ads.
Support Sporcle.
Get the best of Sporcle when you Go Orange. This ad-free experience offers more features, more stats, and more fun while also helping to support Sporcle. Thank you for becoming a member.

Show Comments

Extras

Top Quizzes Today


Score Distribution

Your Account Isn't Verified!

In order to create a playlist on Sporcle, you need to verify the email address you used during registration. Go to your Sporcle Settings to finish the process.

Report this User

Report this user for behavior that violates our Community Guidelines.

Details: